1177 1203 1459 1440 1641 1064 1141 1602 1865 1512 1479 1074 1646 1719 1291 1408 1869 1825 1492 1467 1021 1531 1746 1133 1700 1933 1617 1551 1707 1635 1458 1466 1654 1654 1555 1279 1652 1739 1944 1008 1518 1822 1949 1397 1643 1653 1074 1428 1409 1874 1202 1541 1964 1252 1152 1550 1202 1806 1746 1806 1234 1490 1577 1036 1000 1951 1062 1058 1772 1934 1572 1594 1856 1925 1602 1991 1188 1143 1400 1752 1089 1604 1193 1178 1974 1889 1596 1319 1883 1053 1975 1320 1525 1929 1643 1325 1382 1886 1592 BCNSPRNW ULIB Ver.6.0+V

เปลี่ยนเป็นภาษาไทย

Change to English
 แสดงรายละเอียดบรรณานุกรม
  กลับหน้าหลัก

Brief Record : Get Marc (ISO 2709) : E-mail record : QR code < ปิดหน้าต่าง
LEADER : 00000nam 2200000uu 4500
001    13399125865
003     ULIB
008    020711s2560 th a 000 0 tha d
020    ^a9789990122954
060    ^aWY101^bA-
245    ^aAmbulatory Medicine :กลยุทธ์การบริบาลผู้ป่วยนอก 2560.
260    ^aกรุงเทพฯ :ู^bเทพเพ็ญวานิสย์,^c2560
300    ^a496 หน้า;^c21 ซม.
650    ^aการพยาบาล-ผู้ป่วย
945    ^p400^l0^i003253
999    ^aประนอม เกษจรัล
รายการนี้ยังไม่มีแท็ก
คุณยังไม่ได้ล็อกอิน คุณสามารถมีกิจกรรมร่วมกับเว็บไซต์ได้ แต่ต้องล็อกอินก่อน ::
  ล็อกอิน

รายการสื่อสารสนเทศ

ลำดับที่ ประเภท เลขเรียก/บาร์โค้ด สถานที่ สถานะ
1. วิทยาศาสตร์การแพทย์ และสุขภาพ
หนังสือสำรอง
สถานะ=หนังสือสำรอง
WY101 A- ฉ.1 
  Barcode: 003253
ห้องสมุดวิทยาเขตสวรรค์ประชารักษ์
►หนังสือทั่วไป
บนชั้น

รายการใกล้เคียง
    หัวเรื่อง [การพยาบาล-ผู้ป่วย]

BibComment


ยังไม่เคยถูกคอมเมนท์

คอมเมนท์ทรัพยากรรายการนี้
  คอมเมนท์: Ambulatory Medic..


 Copyright 2026. Bcnsprnw @Library